000 00550nam a2200193Ia 4500
008 101110s9999 xx 000 0 und d
041 _aMARATHI
082 _bSR3069
_a891.4611
100 _aUpalekar Govind Ramchandra
245 _aShri Dnyaneshwari Subodhini Adhyay 14 Te 18 Khand 3
365 _b10
520 _aMarathi
546 _aMARATHI
630 _aShri Dnyaneshwari Subodhini Adhyay 14 Te 18 Khand 3
650 _aMarathi
655 _aMarathi
730 _aShri Dnyaneshwari Subodhini Adhyay 14 Te 18 Khand 3
942 _cBOOK
999 _c799732
_d799729